LEADER 01036nam a2200253 u 4500 001 000000057788 003 CaOOAMICUS 005 20070226120624.0 008 010516s1983 it u000 u ita u 035 $a10889151 040 $aPUL(R)$bita 100 1 $aColombo, Furio.$0(OLS)http://pul/name/2365 245 13$aIl dio d'America :$breligione, ribellione e nuova destra /$cFurio Colombo. 260 $aMilano :$bMondadori,$c1983. 300 $a287 p. ;$c21 cm 490 1 $aSaggi 504 $aBibliografia in nota. 651 4$aStati Uniti$xVita e costumi sociali$ySec. XX.$0(OLS)http://pul/subject/22943 830 0$aSaggi (Mondadori).$0(OLS)http://pul/title/26238 850 $aPUL 852 $aPUL$W1$xDP1 Altre Collocazioni$y17$mSenza collocazione$j12$nBK-PRI$b $qStampati$B75516$CPULBib$Z2$F75516 $H $81 941 1 $a8 996 $6245$aIl dio d'America :$breligione, ribellione e nuova destra$9(OLS)http://pul/title/77365 996 $6260$aMilano :$bMondadori$9(OLS)http://pul/publisher/50297 LEADER 01296nam a2200301 u 4500 001 000000074258 003 CaOOAMICUS 005 20070226122436.0 008 021203s2001 gw u000 u ger u 020 $a316147550X 035 $a10947024 040 $aPUL$bita 100 1 $aKraus, Thomas J.$0(OLS)http://pul/name/49239 245 10$aSprache, Stil und historischer Ort des zweiten Petrusbriefes /$cThomas J. Kraus. 260 $aTübingen :$bMohr Siebeck,$c2001. 300 $axvi, 486 p. ;$c24 cm 490 1 $aWissenschaftliche Untersuchungen zum Neuen Testament.$aReihe 2 ;$v136 500 $aComprende indici. 504 $aBibliografia: p. [415]-452. 630 04$aBiblia.$pN.T.$pPetri I-II.$0(OLS)http://pul/subject/8257 830 0$aWissenschaftliche Untersuchungen zum Neuen Testament.$nReihe 2 ;$v136.$0(OLS)http://pul/title/264 850 $aPUL 852 $aPUL$W1$xSL Religione 1$y3$m16 I 136$j95816$nBK-PRI$b $qStampati$B95816$CPULBib$Z2$F95816 $H $81 941 1 $a8 961 $aINV: 89473 996 $6020$a316147550X$9(OLS)http://pul/number/96170 996 $6245$aSprache, Stil und historischer Ort des zweiten Petrusbriefes$9(OLS)http://pul/title/97548 996 $6260$aTübingen :$bMohr Siebeck$9(OLS)http://pul/publisher/52004